Statistics for Countries Containing "H" In Their Name

Click here to take the quiz!

General Stats

  • This quiz has been taken 68 times
  • The average score is 20 of 27

Answer Stats

Country% Correct
China
87%
South Korea
85%
Thailand
85%
Ghana
84%
Netherlands
84%
Philippines
84%
South Africa
84%
Afghanistan
82%
Bahrain
82%
Chad
81%
South Sudan
81%
Bhutan
79%
North Korea
79%
Chile
77%
North Macedonia
77%
Bahamas
76%
Ethiopia
76%
Liechtenstein
76%
Bosnia and Herzegovina
73%
Kazakhstan
73%
Czech Republic
71%
Lithuania
71%
Seychelles
71%
Marshall Islands
68%
Lesotho
60%
Democratic Republic of the Congo
53%
Rep. of the Congo
50%

Score Distribution

Percentile by Number Answered

Percent of People with Each Score

Your Score History

You have not taken this quiz